| 000 | 00769nam a2200301 a 4500 | ||
|---|---|---|---|
| 003 | AR-BaBNM | ||
| 005 | 20251128203659.0 | ||
| 008 | 082120s2002 ||||||||||||||000 | spa|| | ||
| 020 | _a950-520-067-6 | ||
| 040 | _cAR-BaBNM | ||
| 100 | 1 | _aBorda, Guillermo A. | |
| 245 | 0 | 0 |
_aManual de derecho civil _bparte general |
| 250 | _a13ยช ed. aum. y corr. | ||
| 260 |
_aBuenos Aires _bPerrot _c1986 |
||
| 300 | _a598 p. | ||
| 500 | _aIndice p. 577-598 | ||
| 650 | 4 | _aDERECHO CIVIL | |
| 650 | 4 | _aHISTORIA DEL DERECHO | |
| 650 | 4 | _aLEGISLACION | |
| 650 | 4 | _aJURISPRUDENCIA | |
| 650 | 4 | _aPERSONAS JURIDICAS | |
| 650 | 4 | _aACTOS JURIDICOS | |
| 650 | 4 | _aCODIGO CIVIL | |
| 650 | 4 | _aLEGISLACION ARGENTINA | |
| 653 | _aPATRIMONIO | ||
| 942 | _cBK | ||
| 998 | _cAndrea | ||
| 999 |
_c4464 _d4464 |
||